Nick Robinson's marketing toolkit

Bibliographic Details
Main Author: Robinson, Nick
Format: Book
Published: London : W.H.Allen , 1989
Subjects:

MARC

LEADER 00000cam a2200000 7i4500
001 0000005361
002 000005792
005 20000330.0
020 |a 1852510021 
090 0 0 |a 658.8   |b ROB 
100 1 |a Robinson, Nick 
245 1 0 |a Nick Robinson's marketing toolkit   |c Nick Robinson 
260 |a London :   |b W.H.Allen ,   |c 1989 
300 |a 202p. ;   |c 22cm. 
650 0 0 |a Great Britain   |x Marketing by small firm   |x manual 
999 |a 032818   |b BUKU   |c PINJAMAN   |e PERPUSTAKAAN KOMUNITI PETALING JAYA